| 000 | 02496 a2200277 4500 | ||
|---|---|---|---|
| 999 |
_c10953 _d10953 |
||
| 020 | _a0520074750 (paper : alk. paper) | ||
| 050 | 0 | 0 |
_aDS889 _bPOS 1993 |
| 100 |
_aGordon, Andrew _eeditor |
||
| 245 | 0 | 0 |
_aPostwar Japan as history / _cedited by Andrew Gordon. |
| 264 |
_aBerkeley : _bUniversity of California Press, _c ♭1993 |
||
| 300 |
_axii, 496 pages : _billustrations, map ; |
||
| 336 |
_2text _arda content _btx |
||
| 337 |
_2unmediated _arda media _bn |
||
| 338 |
_2volume _arda carrier _bnc |
||
| 504 | _aIncludes bibliographical references (p. 475-480) and index. | ||
| 505 | _aPeace and democracy in two systems : external policy and internal conflict / John W. Dower -- Japan's position in the world system / Bruce Cumings -- The past in the present / Carol Gluck -- Growth versus success : Japan's economic policy in historical perspective / Laura E. Hein -- The structure and transformation of conservative rule / Gary D. Allinson -- Negotiating social contracts / Sheldon Garon, Mike Mochizuki -- Dialectics of economic growth, national power, and distributive struggles / Koji Taira -- Finding a place in metropolitan Japan : ideologies, institutions, and everyday life / William W. Kelly -- Formations of mass culture / Marilyn Ivy -- Consuming and saving / Charles Yuji Horioka -- The death of "good wife, wise mother"? / Kathleen S. Uno -- Unplaced persons and movements for place / Frank K. Upham -- Altered states : the body politics of "being-woman" / Sandra Buckley -- Contests for the workplace / Andrew Gordon -- Intellectuals and politics / J. Victor Koschmann -- The dynamics of political opposition / James W. White | ||
| 520 | _a As they examine three related themes of postwar history, the authors describe an ongoing historical process marked by unexpected changes, such as Japan's extraordinary economic growth, and unanticipated continuities, such as the endurance of conservative rule. --From publisher's description | ||
| 650 | _aHistory | ||
| 651 | 0 | _aJapan | |
| 700 | 1 |
_aGordon, Andrew, _d1952- _eeditor |
|
| 856 | 4 | 2 |
_3Contributor biographical information _uhttp://www.loc.gov/catdir/bios/ucal051/91035737.html |
| 856 | 4 | 1 |
_3Table of contents _uhttp://www.loc.gov/catdir/toc/ucal041/91035737.html |
| 856 | 4 | 2 |
_3Publisher description _uhttp://www.loc.gov/catdir/description/ucal041/91035737.html |
| 942 |
_2lcc _cBK _h889 _iPOS 1993 _kDS |
||